000 00645nam a2200253Ia 4500
003 OSt
005 20221007063835.0
006 a|||||r|||| 00| 0
007 ta
008 221006b |||||||| |||| 00| 0 eng d
020 _cRs. 6/-
024 _a23,858
037 _cTextual
040 _aFLL
_cFLL
_beng
041 _2eng
_aeng
082 _aZ2:2:4, F3
100 _aMookerjee Radharomon
_9684829
245 0 _aLaw of Benami
250 _a2nd
260 _aCalcutta
_bR. Cambray & Co. India
_c1923
300 _axxxv,1-480
_ccm.
942 _hZ2:2:4, F3
_cTEXL
_2CC
999 _c1132324
_d1132324